| 000 | 00346nam a22001337a 4500 | ||
|---|---|---|---|
| 008 | 170921b xxu||||| |||| 00| 0 eng d | ||
| 020 | _a9781402730283 | ||
| 041 | _aeng | ||
| 080 | _a78 | ||
| 100 | _a45 | ||
| 101 | _aMUZ | ||
| 245 |
_aTHE HISTORY OF AMERICAN GUITAR FROM 1833 TO THE PRESENT DAY _cBACON.T |
||
| 942 |
_2udc _cBK |
||
| 999 |
_c28856 _d28856 |
||